| 000 | 00608nam a2200205Ia 4500 | ||
|---|---|---|---|
| 008 | 140925s9999 xx 000 0 und d | ||
| 020 | _a2067-8177 | ||
| 245 |
_aBroad research in accounting, negotiation, and distribution / _h[electronic resource] |
||
| 260 |
_bEduSoft Publishing, _cc2013. |
||
| 516 | _aElectronic text | ||
| 650 | _aAccountancy. | ||
| 650 | _aDistribution. | ||
| 650 | _aJournal. | ||
| 650 | _aNegotiation. | ||
| 650 | _aResearch. | ||
| 830 | _aEduSoft Publishing | ||
| 856 | _uhttp://www.edusoft.ro/brain/index.php/brand/issue/archive | ||
| 942 | _cEJ | ||
| 999 |
_c275791 _d275791 |
||